000 00639nam a2200229Ia 4500
005 20260429112258.0
008 260429s9999||||xx |||||||||||||| ||und||
020 _a9789348596994
041 _aEnglish
082 _a634.4
_bMIS
100 _aMisra, A. K.
245 0 _aHand book of aonla (Emblica officinalis Gaertn.) /
_cA. K. Misra
260 _aNew Delhi :
_bToday & Tomorrow's Printers and Publishers,
_c2025.
300 _a263 p.; hb
650 _a Fruit crops
650 _a Horticulture
650 _a Indian gooseberry
650 _aAonla
700 _a Pandey, Devendra
700 _a Pandey, Himanshu
942 _cTB
999 _c53274
_d53274